[Event "Subzonal 2.3 2012"]
[Site "Pamplona COL"]
[Date "2012.11.08"]
[Round "7.13"]
[White "Contreras,H"]
[Black "Torres,Ju2"]
[Result "0-1"]
[WhiteElo "2211"]
[BlackElo "2316"]

1.e4 c5 2.Nf3 e6 3.d4 cxd4 4.Nxd4 a6 5.Nc3 Qc7 6.g3 Nf6 7.Bg2 d6 8.O-O Be7
9.a4 Nc6 10.Nb3 b6 11.f4 Bb7 12.Kh1 O-O 13.g4 d5 14.e5 Nd7 15.g5 g6 16.Ne2 Nc5
17.Nbd4 Rfd8 18.Ra3 Ne4 19.Rh3 Nxd4 20.Nxd4 Qc4 21.Be3 Qxa4 22.Qg4 Qd7 23.Qh4 h5
24.Bf3 Kg7 25.Bg2 Bc5 26.Rhf3 Bxd4 27.Bxd4 Nd2 28.f5 Nxf3 29.Rxf3 Rf8 30.Bf1 a5
31.fxe6 fxe6 32.Rf6 Ba6 33.Bh3 Rxf6 34.gxf6+ Kf7 35.Qg5 Rh8 36.b3 Be2 37.Qe3 Bg4
38.Bf1 Bf5 39.c3 a4 40.bxa4 Qxa4 41.Qc1 Qa2 42.Kg1 h4 43.Bf2 Rh5 44.h3 Be4
45.Bxb6 Qb1 46.Qxb1 Bxb1 47.Bd4 Rf5 48.Be2 Rf4 49.Bf1 Rf3 50.Bg2 Rg3 51.Kh2 g5
52.Bf1 Be4 53.c4 dxc4 54.Bf2 Rf3 55.Kg1 c3 56.Be1 c2 57.Bd2 Rb3  0-1

[Event "Subzonal 2.3 2012"]
[Site "Pamplona COL"]
[Date "2012.11.08"]
[Round "8.16"]
[White "Fonseca,C"]
[Black "Martinez,Jor"]
[Result "1-0"]
[WhiteElo "2098"]
[BlackElo "2219"]

1.e4 c5 2.Nf3 e6 3.d4 cxd4 4.Nxd4 a6 5.Nc3 Qc7 6.Bd3 Nf6 7.Bg5 Be7 8.f4 d6
9.Qf3 Nbd7 10.O-O-O b5 11.Bxf6 gxf6 12.Rhe1 Bb7 13.Qh5 Nc5 14.f5 e5 15.Ne6 Nxe6
16.fxe6 O-O-O 17.Qxf7 Rdf8 18.Qh5 Qc5 19.Bf1 Kb8 20.g3 Rc8 21.Qe2 h6 22.Kb1 h5
23.a4 b4 24.Nd5 Rhe8 25.Bh3 Bxd5 26.Rxd5 Qc4 27.Qd1 Qc6 28.Bf1 Qxa4 29.b3 Qa3
30.Qxh5 Rh8 31.Qe2 Rc6 32.h4 f5 33.Red1 fxe4 34.Qxe4 Rhc8 35.R1d2 Rc3 36.R5d3 R8c5
37.Bg2 d5 38.Qxe5+ Kc8 39.Qh8+ Kc7 40.Qe5+ Bd6 41.Qg7+ Kb6 42.Bxd5 Rc7 43.Qd4+ Bc5
44.Qh8 Bd6 45.Bc4 Bc5 46.Qb8+ Rb7 47.Rd6+ Bxd6 48.Rxd6+ Kc5 49.Qxb7 Kxd6
50.Qd7+ Kc5 51.Qd5+ Kb6 52.Qd6+ Kb7 53.e7 Rxc2 54.Qxa6+  1-0

[Event "WY BU14 2012"]
[Site "Maribor SLO"]
[Date "2012.11.09"]
[Round "2.13"]
[White "Grinberg,E"]
[Black "Gu,Christopher"]
[Result "1-0"]
[WhiteElo "2047"]
[BlackElo "2283"]

1.e4 c5 2.Nf3 e6 3.Nc3 a6 4.d4 cxd4 5.Nxd4 Qc7 6.Be2 Nf6 7.Be3 Bb4 8.O-O Bxc3
9.bxc3 Nxe4 10.Bd3 Nf6 11.Bg5 Qc5 12.Bxf6 gxf6 13.Qf3 Qg5 14.Rfe1 Nc6 15.Nf5 Rg8
16.Nd6+ Ke7 17.Ne4 Qh6 18.Ng3 Kf8 19.c4 Ne5 20.Qe4 Rg4 21.Qe2 Qf4 22.f3 Rg8
23.Qf2 Nc6 24.Re4 Qd6 25.c5 Qc7 26.Qe3 Ne7 27.Qh6+ Ke8 28.Rc4 b5 29.cxb6 Qxb6+
30.Kh1 d5 31.Rh4 Ng6 32.Rh5 Bb7 33.Qxh7 Ne7 34.Rh6 Kd7 35.Nh5 Rh8 36.Nxf6+ Kd6
37.Qg7 Rxh6 38.Qxh6 Ng8 39.Qf4+ Ke7 40.Ng4 Qb2 41.Qc7+ Kf8 42.Ne5 Nh6 43.Nd7+ Kg7
44.Qf4 f6 45.Qg3+ Kf7 46.Nc5  1-0

[Event "WY GU18 2012"]
[Site "Maribor SLO"]
[Date "2012.11.09"]
[Round "2.34"]
[White "Perera,Panchali"]
[Black "Vasiljeva,S"]
[Result "0-1"]
[WhiteElo "1674"]
[BlackElo "1873"]

1.e4 c5 2.Nf3 e6 3.d4 cxd4 4.Nxd4 a6 5.Nc3 Qc7 6.Bd3 Nc6 7.Nb3 b5 8.Be3 Nf6
9.a3 Bb7 10.f3 Bd6 11.g3 Ne5 12.Be2 Bxa3 13.Rxa3 b4 14.Nb5 axb5 15.Rxa8+ Bxa8
16.Bxb5 Nxf3+ 17.Qxf3 Bxe4 18.Qf1 Bxh1 19.Qxh1 O-O 20.Bd3 Qe5 21.Qf3 Nd5
22.Kd2 Nxe3 23.Qxe3 Qxb2 24.Qe4 Qc3+ 25.Kd1 f5 26.Qb7 d6 27.Qb6 Qe5 28.Qxb4 f4
29.Qe4 Qh5+ 30.Kc1 Qh6 31.Kb1 f3 32.h4 f2 33.Bf1 Qf6 34.Nd4 d5 35.Qg4 e5
36.Qe6+ Qxe6 37.Nxe6 Rf3 38.Nc5 Rxg3 39.Be2 Rg1+ 40.Kb2 f1=Q 41.Bxf1 Rxf1
42.Kc3 Kf7 43.Kd3 Kf6 44.Kd2 Rh1  0-1

[Event "WY GU16 2012"]
[Site "Maribor SLO"]
[Date "2012.11.09"]
[Round "2.30"]
[White "Rodsmoen,Maud"]
[Black "Kostitsina,L"]
[Result "0-1"]
[WhiteElo "1747"]
[BlackElo "2015"]

1.e4 c5 2.Nf3 e6 3.d4 cxd4 4.Nxd4 a6 5.Nc3 Qc7 6.Be2 b5 7.a3 Bb7 8.O-O Nf6
9.Bf3 d6 10.Re1 Nbd7 11.g3 Be7 12.Bg2 O-O 13.a4 b4 14.Na2 Nc5 15.Nxb4 Ncxe4
16.Nd3 Rfe8 17.Be3 Rac8 18.f3 Nc5 19.Nxc5 Qxc5 20.Nxe6 Qxc2 21.Nd4 Qg6 22.Bh3 Rc5
23.Ne6 fxe6 24.Bxe6+ Kf8 25.Bxc5 dxc5 26.Qb3 Bc6 27.Re3 Qh5 28.Qc3 Nd5 29.Re5 Nxc3
30.Rxh5 Ne2+ 31.Kf2 Nd4 32.Bd5 Bxd5 33.Rxd5 Rb8 34.Rb1 a5 35.Re5 Nb3 36.Rbe1 Bf6
37.R5e2 Nd4 38.Rd2 Rb3 39.Re3 Rb4 40.Ra3 Nb3 41.Rc2 c4 42.Ke3 Nc5 43.b3 cxb3
44.Rd2 b2 45.Rd1 b1=Q 46.Rxb1 Rxb1 47.Kf4 Rb4+ 48.Kf5 Kf7 49.f4 h5 50.Re3 g6+  0-1

[Event "Subzonal 2.3 2012"]
[Site "Pamplona COL"]
[Date "2012.11.09"]
[Round "9.4"]
[White "Gallego Alcaraz,A"]
[Black "Zapata,Alo"]
[Result "1-0"]
[WhiteElo "2410"]
[BlackElo "2470"]

1.e4 c5 2.Nf3 e6 3.d4 cxd4 4.Nxd4 a6 5.Nc3 Nc6 6.f4 Nge7 7.Nxc6 Nxc6 8.Be3 b5
9.Be2 Bb7 10.O-O Be7 11.Bf3 d6 12.Qe1 O-O 13.Rd1 Qc7 14.Qf2 Rac8 15.Rfe1 Qb8
16.Bb6 Ba8 17.Rd3 Nb4 18.Rd2 Rxc3 19.bxc3 Nxa2 20.Ba5 Rc8 21.Rd3 d5 22.Qd2 b4
23.exd5 bxc3 24.Qe2 Qb5 25.dxe6 f6 26.Bxa8 Rxa8 27.Qe4 Re8 28.Qd5 Qb2 29.Bd8  1-0

[Event "WY BU16 2012"]
[Site "Maribor SLO"]
[Date "2012.11.10"]
[Round "3.23"]
[White "Studer,N"]
[Black "Javidfar,A"]
[Result "1-0"]
[WhiteElo "2282"]
[BlackElo "2045"]

1.e4 c5 2.Nf3 e6 3.d4 cxd4 4.Nxd4 a6 5.Nc3 Qc7 6.Bd3 Nf6 7.f4 Bb4 8.Bd2 d6
9.Nb3 e5 10.a3 Bxc3 11.Bxc3 Nc6 12.O-O h5 13.Qd2 Rh6 14.Rae1 b5 15.Na5 Ne7
16.fxe5 dxe5 17.Qg5 Ng4 18.h3 Rg6 19.Qh4 Nf6 20.Kh1 Be6 21.a4 bxa4 22.Rf5 a3
23.Rxe5 axb2 24.Bxb2 Rb8 25.Ba1 Rb4 26.Qf2 Ra4 27.Rc5 Qd8 28.Bc3 h4 29.e5 Nh5
30.Nb7 Qb6 31.Nd6+ Kd7 32.Bxg6 Nxg6 33.Rd1 Ke7 34.Bd4 Ng3+ 35.Kh2 Qb8 36.Rc8 Qxc8
37.Nxc8+ Bxc8 38.Bc5+ Ke8 39.Qd2  1-0

[Event "TCh-CZE Div1 Zapad 2012-13"]
[Site "Czech Republic CZE"]
[Date "2012.11.11"]
[Round "2.7"]
[White "Oresky,J"]
[Black "Routner,J"]
[Result "1/2-1/2"]
[WhiteElo "2255"]
[BlackElo "2118"]

1.e4 c5 2.Nf3 e6 3.d4 cxd4 4.Nxd4 a6 5.Nc3 Qc7 6.g3 Nf6 7.Bg2 Nc6 8.O-O Be7
9.Re1 d6 10.Nxc6 bxc6 11.e5 dxe5 12.Rxe5 O-O 13.Qe1 Rb8 14.Bf4 Bd6 15.Rd1 Nd5
16.Nxd5 cxd5 17.b3 Qxc2 18.Rxe6 Bxe6 19.Bxd6 Qxa2 20.Bxf8 Kxf8 21.Bxd5 Bxd5
22.Rxd5 Qxb3 23.Qe5 Re8 24.Qd6+ Kg8 25.Re5 Qb1+ 26.Kg2 Qb7+ 27.Kg1 Rc8 28.Re1 g6
29.h4 h5 30.Qf6 a5 31.Kh2 a4 32.Re7 Qd5 33.Re5 Qc4 34.Re3 Ra8 35.Qd6 Qf1
36.Rf3 a3 37.Qd5 Rf8 38.Qa2 Qa6  1/2-1/2

[Event "WY GU16 2012"]
[Site "Maribor SLO"]
[Date "2012.11.11"]
[Round "4.23"]
[White "Chetina,E"]
[Black "Mukhit,Aisezym"]
[Result "0-1"]
[WhiteElo "1819"]
[BlackElo "2072"]

1.e4 c5 2.Nf3 e6 3.d4 cxd4 4.Nxd4 a6 5.Nc3 b5 6.Be3 Bb7 7.f3 Qc7 8.Bd3 Nf6
9.O-O Be7 10.Qd2 O-O 11.a4 b4 12.Na2 d5 13.exd5 Nxd5 14.Bf2 Rd8 15.Rfc1 Bd6
16.g3 Qa5 17.c3 bxc3 18.Nxc3 Nxc3 19.Qxc3 Qh5 20.Qb3 Bd5 21.Bc4 Bxc4 22.Rxc4 Nd7
23.Nc6 Rdc8 24.Rac1 Re8 25.Qb7 Nf6 26.Bc5 Bxc5+ 27.Rxc5 Qh6 28.Qb3 Nd5 29.Qd3 Qf6
30.b3 Ne7 31.Nxe7+ Qxe7 32.Rc7 Qb4 33.Qd7 Rf8 34.Rb7 Qa3  0-1

[Event "WY BU14 2012"]
[Site "Maribor SLO"]
[Date "2012.11.11"]
[Round "4.52"]
[White "Ahmed,Fareed"]
[Black "Horton,Andrew P"]
[Result "0-1"]
[WhiteElo "1754"]
[BlackElo "1968"]

1.e4 c5 2.Nf3 e6 3.d4 cxd4 4.Nxd4 a6 5.Nc3 Qc7 6.Bd3 Nf6 7.O-O b5 8.Re1 d6
9.Bg5 Be7 10.Bxf6 Bxf6 11.Bxb5+ axb5 12.Ndxb5 Qc5 13.Nxd6+ Ke7 14.e5 Bxe5
15.Nxf7 Bxc3 16.Nxh8 Bxe1 17.Qxe1 Bb7 18.c4 Nd7 19.Qc3 Qg5 20.Qb4+ Nc5 21.g3 Rxh8
22.f4 Qf5 23.Qb6 Rc8 24.Re1 Qc2 25.Rxe6+ Nxe6 26.Qxb7+ Rc7 27.Qb6  0-1

[Event "WY BU14 2012"]
[Site "Maribor SLO"]
[Date "2012.11.11"]
[Round "4.46"]
[White "Jarc,Jakob"]
[Black "Abbas,Daniel"]
[Result "0-1"]
[WhiteElo "1698"]
[BlackElo "2016"]

1.e4 c5 2.Nf3 e6 3.d4 cxd4 4.Nxd4 a6 5.Nc3 Qc7 6.Bd3 Nf6 7.O-O Bc5 8.Nb3 Be7
9.f4 d6 10.Be3 O-O 11.Qf3 Nbd7 12.Rae1 b5 13.a3 Bb7 14.Qh3 Rfe8 15.Rd1 Rac8
16.Nd2 Bf8 17.Nf3 e5 18.Rfe1 Bc6 19.Nd2 Qb7 20.b4 Nb6 21.f5 d5 22.exd5 Nbxd5
23.Nxd5 Bxd5 24.Rc1 Rc3 25.Nb1 Rc7 26.c3 Rec8 27.Bd2 Bd6 28.g4 Ne4 29.g5 Nxd2
30.Nxd2 Rxc3 31.Rxc3 Rxc3 32.g6 h6 33.Rf1 e4 34.f6 Rxd3 35.gxf7+ Bxf7  0-1

[Event "WY GU18 2012"]
[Site "Maribor SLO"]
[Date "2012.11.11"]
[Round "4.19"]
[White "Real Pereyra,D"]
[Black "Bala Kannamma,P"]
[Result "1-0"]
[WhiteElo "2077"]
[BlackElo "1973"]

1.e4 c5 2.Nf3 e6 3.Nc3 a6 4.d4 cxd4 5.Nxd4 Qc7 6.Qf3 Nc6 7.Nxc6 dxc6 8.Bd3 Nf6
9.Bg5 Be7 10.O-O O-O 11.a4 h6 12.Be3 e5 13.a5 Be6 14.h3 Kh7 15.Nd5 Qd6 16.Nxe7 Qxe7
17.Qg3 Bd7 18.b4 Rg8 19.Bc5 Qe6 20.Qf3 g5 21.g4 h5 22.Qf5+ Qxf5 23.gxf5 g4
24.Kh2 gxh3 25.Kxh3 Rg7 26.Rg1 Rag8 27.Rxg7+ Rxg7 28.f3 Ng8 29.Bf8 Rg5 30.Rd1 c5
31.Bxc5 Bc6 32.Bc4 Nh6 33.Be3 Rg7 34.Rd6 Ng8 35.f6 Rg6 36.Bxf7 Nxf6 37.Bxg6+ Kxg6
38.Kh4 Kf7 39.Bg5 Ne8 40.Rh6 Ng7 41.Bf6  1-0

[Event "WY BU18 2012"]
[Site "Maribor SLO"]
[Date "2012.11.11"]
[Round "4.11"]
[White "Forcen Esteban,D"]
[Black "Druska,J"]
[Result "0-1"]
[WhiteElo "2479"]
[BlackElo "2310"]

1.e4 c5 2.Nf3 e6 3.d4 cxd4 4.Nxd4 a6 5.Nc3 b5 6.g3 Bb7 7.Bg2 Nf6 8.O-O b4
9.Nd5 exd5 10.exd5 Bc5 11.Re1+ Kf8 12.Nf5 d6 13.Bf4 Bc8 14.Ne7 Bg4 15.Qd2 Ra7
16.Nc6 Nxc6 17.dxc6 Re7 18.a3 a5 19.axb4 axb4 20.Be3 Bxe3 21.Rxe3 Be6 22.Rd3 Ne8
23.Qxb4 h5 24.Qd4 Rh6 25.c4 Bf5 26.Rdd1 Qb8 27.c5 Rhe6 28.Qf4 Be4 29.Bxe4 Rxe4
30.Qf3 dxc5 31.Qxh5 Kg8 32.Qxc5 Qxb2 33.Ra8 Qe5 34.Qc2 Re2 35.Qd3 Qf6  0-1

[Event "WY GU18 2012"]
[Site "Maribor SLO"]
[Date "2012.11.11"]
[Round "4.32"]
[White "Tuzi,Bruna"]
[Black "Vasiljeva,S"]
[Result "0-1"]
[WhiteElo "1598"]
[BlackElo "1873"]

1.e4 c5 2.Nf3 e6 3.d4 cxd4 4.Nxd4 a6 5.Nc3 Qc7 6.Be2 Nf6 7.O-O Bb4 8.Qd3 b5
9.f4 Bxc3 10.bxc3 Bb7 11.Bf3 d5 12.e5 Ne4 13.Ne2 Nd7 14.Bxe4 Nc5 15.Qe3 Nxe4
16.Bb2 Rc8 17.Rf3 Qc4 18.Ng3 Nc5 19.Qd4 Na4 20.Ba3 Nxc3 21.Qxc4 Rxc4 22.Nh5 Ne2+
23.Kf1 Rxc2 24.Rf2 Nd4 25.Rd1 Rc4 26.Nxg7+ Kd7 27.Nh5 b4 28.Bb2 Nf5 29.Re2 Kc7
30.Kf2 Rd8 31.g4 Ne7 32.a3 a5 33.Rc1 Ba6 34.Rd2 Nc6 35.axb4 axb4 36.Kf3 Na5
37.Rf2 Nb3 38.Rd1 d4 39.g5 Bb7+ 40.Kg4 Be4 41.Ng3 Bc2 42.Rg1 d3 43.Nf1 d2
44.Nxd2 Rxd2 45.Rf3 Rxh2  0-1

[Event "WY BU18 2012"]
[Site "Maribor SLO"]
[Date "2012.11.11"]
[Round "4.38"]
[White "Whitfield,C"]
[Black "Ismailov,M"]
[Result "1-0"]
[WhiteElo "2040"]
[BlackElo "2208"]

1.e4 c5 2.Nf3 e6 3.d4 cxd4 4.Nxd4 a6 5.Nc3 Qc7 6.g3 Bb4 7.Bd2 Nc6 8.Nxc6 bxc6
9.Bg2 Rb8 10.O-O e5 11.Be3 Be7 12.Na4 d6 13.c4 Nf6 14.Qc2 O-O 15.Rfd1 Ng4
16.Bd2 f5 17.h3 Nh6 18.c5 f4 19.Qc4+ Kh8 20.cxd6 Bxd6 21.Rac1 Qa7 22.gxf4 exf4
23.Qxc6 Nf7 24.Nc5 Rxb2 25.Bc3 Rb6 26.Qd5 f3 27.Bd4 fxg2 28.Ne6 Bxe6 29.Qxe6 Ng5
30.Qxd6 Qf7 31.Bxb6 Nxh3+ 32.Kxg2 Qf3+ 33.Kh2 Re8 34.Qg3 Qf6  1-0

[Event "3rd Mendeleev GM"]
[Site "Tyumen RUS"]
[Date "2012.11.11"]
[Round "7"]
[White "Belyakov,B"]
[Black "Kopylov,Al2"]
[Result "1/2-1/2"]
[WhiteElo "2388"]
[BlackElo "2425"]

1.e4 c5 2.Nf3 e6 3.Nc3 a6 4.d4 cxd4 5.Nxd4 Ne7 6.Bd3 g6 7.Be3 Bg7 8.Qd2 d5
9.Nde2 O-O 10.Bh6 d4 11.Nd1 e5 12.h4 f6 13.c3 dxc3 14.Bc4+ Kh8 15.Bxg7+ Kxg7
16.Qxc3 b5 17.Bb3 Bb7 18.h5 Bxe4 19.hxg6 Bxg6 20.Qh3 Nbc6 21.Qh6+ Kh8 22.Ne3 Nd4
23.Nxd4 exd4 24.Nd5 Qe8 25.Nxe7 Qxe7+ 26.Kf1 Rae8 27.Rh4 Qg7  1/2-1/2

[Event "WY GU16 2012"]
[Site "Maribor SLO"]
[Date "2012.11.12"]
[Round "5.14"]
[White "Belova,O"]
[Black "Nur,Nab"]
[Result "1-0"]
[WhiteElo "2130"]
[BlackElo "1926"]

1.e4 c5 2.Nf3 e6 3.d4 cxd4 4.Nxd4 a6 5.Nc3 Qc7 6.Bd3 Nf6 7.Nb3 b5 8.O-O Bb7
9.Qe2 d6 10.h3 Be7 11.f4 Nbd7 12.Kh1 h5 13.Nd1 h4 14.Nf2 Nc5 15.Kg1 g6 16.Bd2 d5
17.e5 Nfe4 18.Ba5 Qb8 19.Bxe4 Nxe4 20.Nxe4 dxe4 21.Qe3 Qc8 22.Rac1 Bd5 23.Bb6 Rb8
24.Bd4 Rb7 25.Nd2 Rc7 26.c3 Qa8 27.Rfe1 g5 28.fxg5 Rg8 29.Nxe4 Bxe4 30.Qxe4 Qb8
31.Be3 Rc4 32.Qh7 Rf8 33.g6 fxg6 34.Qxg6+ Rf7 35.Rf1  1-0

[Event "38th ch-BAN 2012"]
[Site "Dhaka BAN"]
[Date "2012.11.13"]
[Round "6.6"]
[White "Kabir,Md S"]
[Black "Hasan,Me"]
[Result "0-1"]
[WhiteElo "2089"]
[BlackElo "2310"]

1.e4 c5 2.Nf3 e6 3.d4 cxd4 4.Nxd4 a6 5.Nc3 Qc7 6.Be2 Nc6 7.O-O Nf6 8.Be3 Be7
9.f4 d6 10.Kh1 O-O 11.Bf3 Re8 12.a4 Bd7 13.Nb3 b6 14.Qe1 Rab8 15.g4 Bc8 16.Qf2 Na5
17.g5 Nd7 18.Bg2 Nc4 19.Bc1 Bf8 20.Qh4 g6 21.Nd4 Bg7 22.Nde2 b5 23.axb5 axb5
24.Qf2 b4 25.Ra7 Qc5 26.Na4 Qxf2 27.Rxf2 Rb7 28.Ra8 Rc7 29.c3 b3 30.Rf1 e5
31.f5 Bf8 32.Ng3 Be7 33.Re1 Bd8 34.Kg1 Bb7 35.Ra7 Bc6 36.Ra6 Nb8 37.Nb6 Nxb2
38.Ra3 Nd3 39.Rd1 b2 40.Bxb2 Nxb2 41.Rb1 Rb7 42.Nd5 Bxg5 43.Bf1 Nd7 44.Nb4 Na4
45.Rba1 Rxb4 46.cxb4 Nab6 47.Rd1 d5 48.b5 Ba8 49.exd5 Bxd5 50.Rad3 Nf6 51.Bg2 e4
52.Rxd5 Nbxd5 53.Nxe4 Nxe4 54.Rxd5 Nc3 55.Rd3 Nxb5 56.fxg6 hxg6 57.Bc6 Re5
58.Kf2 Nc7 59.Kf3 Rc5 60.Ba4 Rf5+ 61.Kg3 Ne6 62.Bc6 Bf4+ 63.Kg4 Rg5+ 64.Kf3 Bxh2
65.Rd7 Rf5+ 66.Kg4 Kg7 67.Rb7 Nd8  0-1

[Event "WY GU18 2012"]
[Site "Maribor SLO"]
[Date "2012.11.14"]
[Round "7.18"]
[White "Revo,T"]
[Black "Morales Flores,Monserrat"]
[Result "1-0"]
[WhiteElo "2072"]
[BlackElo "1881"]

1.e4 c5 2.Nf3 e6 3.d4 cxd4 4.Nxd4 a6 5.Nc3 Qc7 6.Be3 Nf6 7.Bd3 Bc5 8.O-O O-O
9.f4 d6 10.Qf3 Nc6 11.Nxc6 Bxe3+ 12.Qxe3 bxc6 13.e5 Ng4 14.Qf3 f5 15.h3 Nh6
16.exd6 Qxd6 17.Rad1 Rb8 18.Qe3 Qb4 19.a3 Qa5 20.Bc4 Re8 21.Rfe1 Nf7 22.Bb3 c5
23.Qe2 Qb6 24.Qe3 Qa5 25.Qe2 Qb6 26.Na4 Qc6 27.Qf3 Qc7 28.Qc3 Qxf4 29.Nxc5 Ng5
30.Rf1 Qh4 31.Rxf5 Nf7 32.Rf3 Qe7 33.Re3 Qa7 34.Kh1 Rb6 35.Rg3 Nd6 36.Qe5 Nf5
37.Qxf5 Rxb3 38.Qh5  1-0

[Event "WY BU14 2012"]
[Site "Maribor SLO"]
[Date "2012.11.14"]
[Round "7.11"]
[White "Karthikeyan,M2"]
[Black "Badalyan,Shavarsh"]
[Result "1-0"]
[WhiteElo "2329"]
[BlackElo "2081"]

1.e4 c5 2.Nf3 e6 3.d4 cxd4 4.Nxd4 a6 5.Nc3 Qc7 6.Bd3 Nf6 7.Qe2 d6 8.f4 g6
9.O-O Bg7 10.e5 dxe5 11.Ndb5 axb5 12.Nxb5 Qe7 13.fxe5 O-O 14.exf6 Bxf6 15.Qf2 Bg7
16.Be3 Nd7 17.c3 b6 18.Bxb6 Nxb6 19.Qxb6 Rd8 20.Bc4 Ba6 21.a4 Qh4 22.Qc7 Rf8
23.Qf4 Qh5 24.Rae1 Rac8 25.Kh1 Qc5 26.Bd3 Rfd8 27.Qe4 Rd7 28.b4 Qg5 29.Qe3 Qh4
30.Be4 Re8 31.g3 Qh5 32.Bf3 Qh3 33.Bg2 Qh6 34.Qb6 Bxb5 35.Qxb5  1-0

[Event "WY GU16 2012"]
[Site "Maribor SLO"]
[Date "2012.11.14"]
[Round "7.36"]
[White "Chetina,E"]
[Black "Kejzar,Petra"]
[Result "1-0"]
[WhiteElo "1819"]
[BlackElo "1723"]

1.e4 c5 2.Nf3 e6 3.d4 cxd4 4.Nxd4 a6 5.Nc3 Qc7 6.Be2 b5 7.Bf3 Bb7 8.O-O d6
9.Re1 Nf6 10.Bg5 Nbd7 11.Bxf6 Nxf6 12.Qe2 Be7 13.Rac1 O-O 14.Nb1 Nd7 15.Nd2 Bf6
16.Qe3 Ne5 17.Be2 d5 18.f4 Nc4 19.Nxc4 dxc4 20.e5 Be7 21.c3 Bc5 22.Red1 Rad8
23.Bf3 Bxf3 24.Qxf3 Qb6 25.Qe4 Rd7 26.Rd2 Rfd8 27.Rcd1 b4 28.Kf1 g6 29.h3 a5
30.Ke2 Bxd4 31.Rxd4 Rxd4 32.Rxd4 Rxd4 33.cxd4 c3 34.Ke3 Qc7 35.Qc2 Qc4 36.bxc3 bxc3
37.h4 a4 38.g4 a3 39.h5 Qb4 40.h6 Qb2 41.Kd3 Qa1 42.Qxc3 Qb1+ 43.Ke3 Qg1+
44.Kf3 Qf1+ 45.Kg3 Qg1+ 46.Kh4 f5 47.exf6 Kf7 48.Qc7+ Kxf6 49.Qg7+  1-0

[Event "38th ch-BAN 2012"]
[Site "Dhaka BAN"]
[Date "2012.11.16"]
[Round "8.5"]
[White "Kabir,Md S"]
[Black "Ahmed,SN"]
[Result "0-1"]
[WhiteElo "2089"]
[BlackElo "2295"]

1.e4 c5 2.Nf3 e6 3.d4 cxd4 4.Nxd4 a6 5.Nc3 b5 6.Bd3 Qb6 7.Be3 Bc5 8.Nce2 Nf6
9.c3 Ng4 10.b4 Be7 11.Nc2 Nxe3 12.Nxe3 Nc6 13.a4 Bb7 14.axb5 axb5 15.Rxa8+ Bxa8
16.O-O O-O 17.Kh1 Rd8 18.Qd2 Ne5 19.f4 Nxd3 20.Qxd3 Qb7 21.e5 d6 22.Rd1 h6
23.exd6 Rxd6 24.Qc2 Rxd1+ 25.Qxd1 g5 26.Kg1 gxf4 27.Nxf4 Qe4 28.Qf3 Qxf3
29.gxf3 Bf6 30.Kf2 Bxc3 31.Nd3 Kg7 32.Nc2 Bd5 33.Ke3 Bc4 34.Nd4 Kf6 35.Ne2 Ba1
36.Ng3 Ke7 37.f4 Kd6 38.f5 e5 39.Ne4+ Kc6 40.Nf6 Kd6 41.Ne4+ Ke7 42.h3 Bd4+
43.Kd2 Bd5 44.Ndf2 Bxf2 45.Nxf2 Kf6 46.Ng4+ Kxf5 47.Nxh6+ Kf4 48.Ng4 Be6
49.Nf2 e4 50.Nd1 Bxh3 51.Ne3 Be6  0-1

[Event "WY GU18 2012"]
[Site "Maribor SLO"]
[Date "2012.11.16"]
[Round "9.9"]
[White "Qiu,Mengjie"]
[Black "Pujari,R"]
[Result "1-0"]
[WhiteElo "2069"]
[BlackElo "2204"]

1.e4 c5 2.Nf3 e6 3.d4 cxd4 4.Nxd4 a6 5.Nc3 b5 6.a3 Bb7 7.Bd3 Qb6 8.Nb3 Qc7
9.Be3 Nf6 10.O-O d5 11.exd5 Nxd5 12.Nxd5 Bxd5 13.a4 b4 14.c4 bxc3 15.Rc1 Bb4
16.Qg4 Nc6 17.bxc3 Bd6 18.c4 Ne5 19.Qxg7 Nf3+ 20.Kh1 Bc6 21.Qxh8+ Ke7 22.Qxh7 Nxh2
23.c5 Be5 24.Bg5+ Kf8 25.Rfe1 Ng4 26.Qh4 f5 27.f3 Kg7 28.fxg4 Rh8 29.gxf5 Rxh4+
30.Bxh4 Bg3 31.Nd4 Bd5 32.Nxe6+ Bxe6 33.Bxg3 Qxg3 34.fxe6 Qh4+ 35.Kg1 Qd4+
36.Kf1 Qxd3+ 37.Re2 Qg3 38.Kg1 Qg4 39.Re3 Qd4 40.Re1 Kf8 41.e7+ Ke8 42.c6 Qb6
43.c7 Qxc7 44.Rf1  1-0

[Event "WY GU18 2012"]
[Site "Maribor SLO"]
[Date "2012.11.16"]
[Round "9.27"]
[White "Popadic,Mirjana"]
[Black "Morales Flores,Monserrat"]
[Result "1/2-1/2"]
[WhiteElo "1598"]
[BlackElo "1881"]

1.e4 c5 2.Nf3 e6 3.d4 cxd4 4.Nxd4 a6 5.Nc3 d6 6.Be2 Nf6 7.Be3 Be7 8.Qd2 Nc6
9.O-O O-O 10.f4 Qc7 11.Bd3 Ng4 12.h3 Nxe3 13.Qxe3 Nxd4 14.Qxd4 Bf6 15.Qb4 a5
16.Qb3 Bd7 17.Kh1 a4 18.Qa3 Rfc8 19.Rab1 Qc5 20.Qxc5 Rxc5 21.Ne2 Rc7 22.a3 Bc6
23.c3 e5 24.Rbd1 Re8 25.f5 b5 26.Bb1 Rd8 27.Nc1 d5 28.exd5 Bxd5 29.Nd3 Rcd7
30.Nf2 Bc4 31.Rxd7 Rxd7 32.Rd1 Rxd1+ 33.Nxd1 Bg5 34.Nf2 Bc1 35.Nd3 Bxd3 36.Bxd3 Bxb2
37.Bxb5 Bxc3 38.Bxa4 Bb2 39.Bc2 Bxa3 40.g4 Kf8 41.Kg2 Ke7 42.Kf3 Kf6 43.h4 h6
44.h5 Bc1 45.Be4 Bf4 46.Bc2  1/2-1/2

[Event "WY GU16 2012"]
[Site "Maribor SLO"]
[Date "2012.11.17"]
[Round "10.1"]
[White "Styazhkina,A"]
[Black "Xiao,Yiyi"]
[Result "1-0"]
[WhiteElo "2113"]
[BlackElo "2136"]

1.e4 c5 2.Nc3 e6 3.Nf3 a6 4.d4 cxd4 5.Nxd4 Nc6 6.Bf4 d6 7.Bg3 Nf6 8.Be2 h5
9.Nxc6 bxc6 10.e5 h4 11.Bf4 Nd5 12.Qd2 Nxf4 13.Qxf4 Be7 14.exd6 Bxd6 15.Qc4 O-O
16.Rd1 Rb8 17.b3 Qe7 18.O-O c5 19.Ne4 Rb4 20.Qd3 Rd4 21.Qe3 Rd8 22.c3 Rd5
23.Bf3 Bc7 24.Rxd5 Rxd5 25.Nf6+ gxf6 26.Bxd5 Qd6 27.Rd1 exd5 28.Qe8+ Qf8
29.Qxf8+ Kxf8 30.Rxd5 Ke7 31.Rxc5 Kd6 32.Rh5 h3 33.g3 Bg4 34.Rh4 Bd7 35.f3 Bb6+
36.Kf1 Bf5 37.a3 Ke5 38.Ke2 Bg1 39.b4 Be6 40.c4 Bd4 41.Re4+  1-0

[Event "WY GU18 2012"]
[Site "Maribor SLO"]
[Date "2012.11.17"]
[Round "10.28"]
[White "Morales Flores,Monserrat"]
[Black "Stark,Sas"]
[Result "1/2-1/2"]
[WhiteElo "1881"]
[BlackElo "1983"]

1.e4 c5 2.Nf3 e6 3.d4 cxd4 4.Nxd4 a6 5.Nc3 b5 6.a3 Bb7 7.Be3 Qc7 8.Be2 Nf6
9.f3 d5 10.exd5 Nxd5 11.Nxd5 Bxd5 12.Qd2 Nd7 13.O-O-O Rc8 14.Kb1 Ne5 15.Nb3 Nc4
16.Bxc4 Qxc4 17.Rhe1 Be7 18.Qc3 Qxc3 19.bxc3 O-O 20.Kb2 Rfd8 21.Bd4 Rd7  1/2-1/2

[Event "TCh-HUN 2012-13"]
[Site "Kecskemet HUN"]
[Date "2012.11.18"]
[Round "4"]
[White "Nestorovic,L"]
[Black "Fogarasi,T"]
[Result "1/2-1/2"]
[WhiteElo "2384"]
[BlackElo "2407"]

1.e4 c5 2.Nf3 e6 3.d4 cxd4 4.Nxd4 a6 5.Nc3 Qc7 6.Bd3 Nf6 7.O-O Bd6 8.Kh1 Nc6
9.Nxc6 dxc6 10.f4 e5 11.f5 h5 12.a4 a5 13.Be3 Qe7 14.Qd2 Bc5 15.Bg5 b6 16.Ne2 Ba6
17.Bxa6 Rxa6 18.Qd3 Ra8 19.c3 Qd6 20.Qc4 Ng4 21.h3 Nf2+ 22.Kh2 Qd3 23.Qxd3 Nxd3
24.b3 f6 25.Bh4  1/2-1/2

[Event "WY BU18 2012"]
[Site "Maribor SLO"]
[Date "2012.11.18"]
[Round "11.16"]
[White "Zhou,Y"]
[Black "Druska,J"]
[Result "1-0"]
[WhiteElo "2418"]
[BlackElo "2310"]

1.e4 c5 2.Nf3 e6 3.d4 cxd4 4.Nxd4 a6 5.Nc3 b5 6.Bd3 Qb6 7.Nf3 Nc6 8.O-O Qb8
9.Qe2 Nge7 10.Re1 Nb4 11.a4 Nxd3 12.Qxd3 b4 13.Nd5 exd5 14.exd5 Qd6 15.c4 Bb7
16.Ng5 Qg6 17.Qxg6 hxg6 18.d6 Rh4 19.b3 f6 20.Ra2 fxg5 21.dxe7 Re4 22.Rxe4 Bxe4
23.Bxg5 Kf7 24.exf8=Q+ Rxf8 25.f3 Bf5 26.Rd2 Re8 27.g4 Bb1 28.Rxd7+ Kg8 29.Rd2 Re1+
30.Kf2 Rh1 31.Kg2 Re1 32.c5 Re5 33.c6 Rc5 34.Rd6 Ba2 35.Be3 Rc3 36.Bb6 Rc2+
37.Kg3 Bxb3 38.c7 Kf7 39.Rd2 Rc1 40.Rd7+ Kf6 41.Rd4 g5 42.Rxb4 Bd5 43.Rb2 Ke6
44.Re2+ Kd6 45.Re8 Be6 46.Ra8 Kd7 47.Rxa6 Rc3 48.Ra5 Rb3 49.Bd4  1-0

[Event "22nd World Seniors Open"]
[Site "Kamena Vourla GRE"]
[Date "2012.11.21"]
[Round "8.21"]
[White "Valenti,G"]
[Black "Kunz,K"]
[Result "1/2-1/2"]
[WhiteElo "2169"]
[BlackElo "2247"]

1.e4 c5 2.Nf3 e6 3.d4 cxd4 4.Nxd4 a6 5.Nc3 b5 6.g3 Bb7 7.Bg2 Nf6 8.Qe2 Bc5
9.Nb3 Be7 10.O-O b4 11.Na4 Bc6 12.Nac5 Bb5 13.Nd3 e5 14.Rd1 Nc6 15.a4 bxa3
16.bxa3 Qc7 17.Bb2 d6 18.a4 Bc4 19.Nd2 Be6 20.h3 Rb8 21.Kh2 g5 22.Nf1 h5
23.Ne3 g4 24.h4 O-O 25.Nd5 Bxd5 26.exd5 Na5 27.Bc1 Nd7 28.Bh6 Rfe8 29.Qe4 Bf8
30.Bxf8 Nxf8 31.Qf5 Qd7 32.Qxh5 f5 33.Ne1 Nc4 34.f3 Qf7 35.Qg5+ Kh8 36.fxg4 fxg4
37.Be4 Nh7 38.Qh6 Rf8 39.Nd3 Qg7 40.Qxg7+ Kxg7 41.Re1 Nf6 42.Bg2 a5 43.Rab1 Na3
44.Rxb8 Rxb8 45.Rc1 Nc4 46.Re1 Na3 47.Rc1 Nc4 48.Re1  1/2-1/2

[Event "9th Vasylyshyn Mem IM"]
[Site "Lviv UKR"]
[Date "2012.11.22"]
[Round "3"]
[White "Meleshko,V"]
[Black "Szwed,J"]
[Result "0-1"]
[WhiteElo "2256"]
[BlackElo "2251"]

1.e4 c5 2.Nf3 e6 3.d4 cxd4 4.Nxd4 a6 5.Nc3 b5 6.Be3 Bb7 7.Bd3 Qc7 8.O-O Nc6
9.Re1 Nf6 10.Nxc6 Qxc6 11.f3 Bc5 12.Kh1 d6 13.e5 dxe5 14.a4 Bxe3 15.Rxe3 b4
16.Na2 Qc5 17.Qe1 e4 18.Bxe4 Bxe4 19.fxe4 Ng4 20.Rf3 Qe5 21.Rg3 h5 22.Nxb4 Qxe4
23.h3 Qd4 24.c3 Qa7 25.Nc6 Qf2 26.Nd4 Rb8 27.b4 Rh6 28.Qxf2 Nxf2+ 29.Kg1 Ne4
30.Rxg7 Kf8 31.Re1 Kxg7 32.Rxe4 Rc8 33.c4 Kf6 34.c5 a5 35.b5 Rxc5 36.Nb3 Rc3
37.Nxa5 Rh8 38.Rf4+ Kg5 39.Rb4 Rb8 40.Nb3 Kf6 41.a5 Rc2 42.b6 Rg8 43.g4 Rb2
44.Rb5 Rd8 45.Nd4 Ra2 46.b7 Rxd4 47.Rb1 Rd8 48.b8=Q Rxb8 49.Rxb8 hxg4 50.hxg4 Ra4
51.Ra8 Rxg4+ 52.Kf2 Ke5 53.a6 Ra4 54.a7 Ke4 55.Ke2 Ra2+ 56.Kf1 e5  0-1